The European Union : (Record no. 13282)
[ view plain ]
| 000 -LEADER | |
|---|---|
| fixed length control field | 01501cam a22003374a 4500 |
| 001 - CONTROL NUMBER | |
| control field | 12034040 |
| 005 - DATE AND TIME OF LATEST TRANSACTION | |
| control field | 20050408183818.0 |
| 008 - FIXED-LENGTH DATA ELEMENTS--GENERAL INFORMATION | |
| fixed length control field | 000608s2001 enkab b 001 0 eng |
| 010 ## - LIBRARY OF CONGRESS CONTROL NUMBER | |
| LC control number | 00055110 |
| 020 ## - INTERNATIONAL STANDARD BOOK NUMBER | |
| International Standard Book Number | 0273646419 (alk. paper) |
| 040 ## - CATALOGING SOURCE | |
| Original cataloging agency | DLC |
| Transcribing agency | DLC |
| Modifying agency | DLC |
| 042 ## - AUTHENTICATION CODE | |
| Authentication code | pcc |
| 043 ## - GEOGRAPHIC AREA CODE | |
| Geographic area code | e------ |
| 050 00 - LIBRARY OF CONGRESS CALL NUMBER | |
| Classification number | HC241.2 |
| Item number | .E425 2001 |
| 082 00 - DEWEY DECIMAL CLASSIFICATION NUMBER | |
| Classification number | 337.142 |
| Edition number | 21 |
| Item number | AGR |
| 100 1# - MAIN ENTRY--PERSONAL NAME | |
| Personal name | El-Agraa, A. M. |
| 9 (RLIN) | 10967 |
| 245 14 - TITLE STATEMENT | |
| Title | The European Union : |
| Remainder of title | Economics and Policies / |
| Statement of responsibility, etc | Ali M. El-Agraa ; with edited contributions. |
| 250 ## - EDITION STATEMENT | |
| Edition statement | 6th ed. |
| 260 ## - PUBLICATION, DISTRIBUTION, ETC. (IMPRINT) | |
| Place of publication, distribution, etc | Harlow, England : |
| Name of publisher, distributor, etc | Prentice Hall Europe, |
| Date of publication, distribution, etc | c2001. |
| 300 ## - PHYSICAL DESCRIPTION | |
| Extent | xxxii, 656 p. : |
| Other physical details | ill., maps ; |
| Dimensions | 25 cm. |
| 500 ## - GENERAL NOTE | |
| General note | Earlier eds. published under title: Economics of the European Community. |
| 504 ## - BIBLIOGRAPHY, ETC. NOTE | |
| Bibliography, etc | Includes bibliographical references and indexes. |
| 610 20 - SUBJECT ADDED ENTRY--CORPORATE NAME | |
| Corporate name or jurisdiction name as entry element | European Economic Community. |
| 9 (RLIN) | 10968 |
| 610 20 - SUBJECT ADDED ENTRY--CORPORATE NAME | |
| Corporate name or jurisdiction name as entry element | European Union. |
| 9 (RLIN) | 10969 |
| 610 20 - SUBJECT ADDED ENTRY--CORPORATE NAME | |
| Corporate name or jurisdiction name as entry element | European Union countries |
| General subdivision | Economic policy. |
| 9 (RLIN) | 10970 |
| 651 #0 - SUBJECT ADDED ENTRY--GEOGRAPHIC NAME | |
| Geographic name | European Economic Community countries |
| General subdivision | Economic policy. |
| 9 (RLIN) | 10971 |
| 730 0# - ADDED ENTRY--UNIFORM TITLE | |
| Uniform title | Economics of the European Community. |
| 9 (RLIN) | 10972 |
| 942 ## - ADDED ENTRY ELEMENTS (KOHA) | |
| Source of classification or shelving scheme | Dewey Decimal Classification |
| Item type | Book - Borrowing |
| Withdrawn status | Item status | Source of classification or shelving scheme | Damaged status | Not for loan | Vendor | Home library | Current library | Shelving location | Date acquired | Source of acquisition | Total Checkouts | Total Renewals | Full call number | Barcode | Date last seen | Date last borrowed | Koha item type | Public note |
|---|---|---|---|---|---|---|---|---|---|---|---|---|---|---|---|---|---|---|
| Dewey Decimal Classification | Donation-Gift | Central Library | Central Library | First floor | 04/02/2010 | 8 | 37 | 337.142 AGR | 000019128 | 15/07/2025 | 02/12/2023 | Book - Borrowing | Donated by : Dr. Bassem Ahmed |